Historia de mi vida /

Guardado en:
Detalles Bibliográficos
Autor principal: Chéjov, Anton P. (autor)
Formato: Libro
Idioma:Español
Publicado: Barcelona, España : Calpe, 1920, c1920
Colección:(Colección Universal)
Temas:
Etiquetas: Agrega una etiqueta
Sin etiquetas, Sé el primero en etiquetar este registro!

MARC

LEADER 00000nam^a2200000^a^4500
001 000281819
005 20250526000000.0
009 20260310111546.145
037 |a Acervo Xavier Clavigero 
041 |a ESP 
082 |a 891. 7  |b CHE 
100 |a Chéjov, Anton P.  |e (autor) 
240 1 1 |a [Historia de mi vida, de Anton P. Chéjov] 
245 1 0 |a Historia de mi vida /  |c A.P. Chéjov ; tr. por Nicolás Tasin. 
264 4 |a Barcelona, España :  |b Calpe,  |c 1920, c1920 
300 |a 174 p. ;  |c 15.0 cm. 
336 |a texto  |b txt  |2 rdacontenido 
337 |a sin mediación  |b n  |2 rdamedio 
338 |a volumen  |b nc  |2 rdasoporte 
440 1 |a (Colección Universal) 
545 0 |a Anton Pablovich Chéjov (1860-1904), escritor ruso con estudios de medicina, aunque nunca ejerció esta profesión. Perteneció, como miembro honorífico, a la Academia Rusa de las Ciencias, cargo al que renunció como protesta por la expulsión de Maxim Gorki. Es autor de una vasta obra narrativa, con una temática constante, que si bien no se liga a ninguna escuela o movimiento, sí se acerca al naturalismo por su desconsolada acusación en contra de la sociedad de su tiempo. De estilo simple y sobrio, su textos toman como modelo la tragedia cotidiana y las pequeñas penas de la existencia humana. Fue autor, entre otros, de los libros de relatos, Cuentos de Melpómene (1884), Relatos abigarrados (1886), El crepúsculo (1887), La estepa (1888), El pabellón Nº 6 (1892); las obras teatrales Ivánov (1888), El brujo del bosque (1889), La gaviota (1895), El tío Vania (1899), Las tres hermanas (1901) y El jardín de los cerezos (1904). 
649 |a XX 
650 |a Novela Rusa 
650 |a Literatura Rusa -  |y Siglo XIX 
650 |a Naturalismo en la Literatura -  |z Rusia 
910 |a Fondo General 
920 |a Impresos - Libros 
930 |a Libros Antiguos y Raros 
940 |a Literatura 
905 |a 108 
901 |a 032509  |b IT2  |c LRA  |u 20250526 
902 |a https://opac.biblio.iteso.mx/vufind/Record/000281819